Prince - Purple Rain (Tracks) - Statistics

General Stats
  • This quiz has been taken 41 times
  • The average score is 7 of 9
Answer Stats
Track Number Track Name % Correct
9 Purple Rain
100%
1 Let's Go Crazy
95%
6 When Doves Cry
86%
5 Darling Nikki
78%
4 Computer Blue
73%
7 I Would Die 4 U
73%
2 Take Me with U
73%
8 Baby I'm a Star
70%
3 The Beautiful Ones
70%
No matching quizzes found
Score Distribution
Percent of People with Each Score
Percentile by Number Answered
Your Score History
You have not taken this quiz